00698nam a2200241Ia 4500008004100000020001800041100001600059245001900075245005900094260001500153260002000168260000900188300001600197300002100213300001100234440002600245440001200271500009700283650002800380650001600408650002400424700000800448160803s9999 xx 000 0 und d a9780439736152 aFeltes, Kim aAsk Yolanda! / cKim Feltes & Elsa Reyes ; illustrations by Grace Chen. aNew York : bScholastic Inc. c2006 a16 pages :  billustrations ;  c23 cm. aScholastic FX books,  vbk. 20  a"This edition is only available for distribution through the school market"--Page [4] cover. aDating (Social customs) aFriendship. aSocial interaction. a340